000 00592nam a2200217Ia 4500
005 20250508161003.0
008 008 250505s9999 xx 000 0 hin d
037 _aTextBook
040 _aFEDL
_beng
_cFEDL
041 _ahin
_2eng
084 _a491.4307, SAV
_qFEDL
100 _aSavitri Singh
_9769354
245 0 _aHindi shikshan
250 _a4
260 _aMeerut, India
_bInternational Publishing House
_c1975
300 _a443p
365 _aINR
_b15
650 _aHindi Language - Teaching
_9769355
942 _cTB
_h491.4307, SAV
999 _c1367782
_d1367782